000 01371nam0a2200361 4500
001 RU\NLR\BIBL_A\012584193
005 20230417112802.0
010 _a978-5-0053-4769-5
021 _aRU
_bКН-П-21-027408
_9КН-П-21-2121
035 _a(NLR Aleph) 012584193
090 _a12531609
_c12531609
100 _a20210823d2021 u y0rusy50 ca
101 0 _arus
102 _aRU
105 _aac z 000zy
181 0 _ai3
_baxxe
181 0 _ab2
_bxb2e
182 0 _an
200 1 _aПисьма издалека...
_eстихотворения. Фотографии. Графика
_fВокю Рднаскела
203 _aТекст
_aИзображение
_bвизуальные
_cнепосредственные
210 _a[Б. м.]
_cИздательские решения
_d2021
215 _a117, [1] с.
_cил., портр.
_d22
333 _a12+
600 1 _aРднаскела
_bВ.
_gВокю
_92491202
_3RU\NLR\AUTH\6601694220
686 1 _aЩ163(2Р=Рус)7-8Рднаскела
686 1 _aЩ153(2Р=Рус)7-8Рднаскела
686 2 _aШ6(2=Р)8-5
700 0 _7ca
_8rus
_aРднаскела Вокю
_cпсевдоним
_f1978-
_9254960
_3RU\NLR\AUTH\770255016
942 _cBOOK
980 _aNB